Nét nghĩa và hoạt động của nét nghĩa trong kết hợp từ /
Na minha lista:
| Autor principal: | |
|---|---|
| Formato: | Atigo |
| Idioma: | Vietnamese |
| Assuntos: | |
| Tags: |
Adicionar Tag
Sem tags, seja o primeiro a adicionar uma tag!
|
| Thư viện lưu trữ: | Thư viện Trường Đại học Đà Lạt |
|---|
| LEADER | 00755nam a2200277 4500 | ||
|---|---|---|---|
| 001 | DLU060052583 | ||
| 040 | # | # | |a DLU |b vie |
| 041 | # | # | |a vie |
| 044 | # | # | |a vn |
| 100 | # | # | |a Đỗ Việt Hùng |
| 245 | # | # | |a Nét nghĩa và hoạt động của nét nghĩa trong kết hợp từ / |c Đỗ Việt Hùng |
| 653 | # | # | |a Cấu trúc ngữ pháp |
| 653 | # | # | |a Ngôn ngữ |
| 653 | # | # | |a Từ |
| 773 | # | # | |t Ngôn ngữ |g Số 2, 2004, tr.21-29 |
| 920 | # | # | |a Phòng Tạp chí -- Trung tâm Thông tin - Thư viện Trường Đại học Đà Lạt |
| 933 | # | # | |a CT, TN |
| 994 | # | # | |a DLU |
| 900 | # | # | |a True |
| 911 | # | # | |a Nguyễn Thị Yên |
| 925 | # | # | |a G |
| 926 | # | # | |a A |
| 927 | # | # | |a BB |
| 980 | # | # | |a Thư viện Trường Đại học Đà Lạt |